• 首页
  • 本馆介绍
  • 公告通知
  • 最新文献
  • 馆藏检索
  • 电子资源
  • 读者导购
  • 参考咨询
  • 我的图书馆
  • 登录
  • 详细信息显示
  • 放入我的书架
  • 预约/预借图书
  • 作者相关作品
  • 分类相关作品
  • 丛书相关作品
  • 出版社相关作品

书目信息

  • 表格格式
  • 工作单格式
  • 卡片格式
题名:
辩证唯物主义原理辅导
    
 
作者: ;教学与研究编辑部 编
分册:  
出版信息: 北京   中国人民大学出版社  1983
页数: 299页
开本: 21cm
丛书名:
单 册:
中图分类: B02
科图分类:
主题词: 辩证唯物主义
电子资源:
ISBN:
000 00674nam0 2200229 45
001 0183005824
005 20060426153331.89
010    @dCNY0.90
091    @a2011.106
100    @a19950213d1983 em y0chiy0121 ea
101 0  @achi
102    @aCN@b110000
105    @ay z 000yy
200 10 @a辩证唯物主义原理辅导@Abian zheng wei wu zhu yi yuan li fu dao@f《教学与研究》编辑部编@F《Jiao Xue Yu Yan Jiu》Bian Ji Bu Bian
210    @a北京@c中国人民大学出版社@d1983
215    @a299页@d21cm
606    @a辩证唯物主义
690    @aB02@v3
711 02 @a教学与研究编辑部@4编
801  2 @aCN@bNLC@c20060426
801  0 @aCN@b上海图书馆@c20040508
905    @dB02@e14@f1@b160185
    
    辩证唯物主义原理辅导/《教学与研究》编辑部编.-北京:中国人民大学出版社,1983
    299页;21cm
    
    
    ISBN :CNY0.90
    
●
相关链接 在E读中查询图书 在五车中查询图书 在当当中查询图书 在豆瓣中查询图书


正题名:辩证唯物主义原理辅导     索取号:B02/14         预约/预借

序号 登录号 条形码 馆藏地/架位号 状态 备注
1 0092597   001115616   密集书库/ [索取号:B02/14] 在馆    
2 0092598   001115625   密集书库/ [索取号:B02/14] 在馆    
3 0092599   001872281   密集书库/ [索取号:B02/14] 在馆    
4 0092600   001872245   密集书库/ [索取号:B02/14] 在馆    
5 0160185   001972949   密集书库/ [索取号:B02/14] 在馆    
6 0160186   202264726   密集书库/ [索取号:B02/14] 在馆    
7 0160187   001115634   第一借阅区/ [索取号:B02/14] 在馆    
8 0160188   001872218   密集书库/ [索取号:B02/14] 在馆    
9 0160189   002047975   第一样本阅览室/ [索取号:B02/14] 在馆    
唐山师范学院图书馆 欢迎您!
大连网信软件有限公司© 版权所有